000 00581cab a2200229 4500
001 X98869
008 090401t1999 xxu||||| |||| 00| 0 eng d
035 _a(Sirsi) u93613
041 _aeng
245 _aLeeds CC v Spencer
260 _c1999
350 _a0
490 _aNew Property Cases
_v[1999] NPC 55
650 _aENVIRONMENTAL PROTECTION
650 _aLEEDS CITY COUNCIL V SPENCER
650 _aLOCAL AUTHORITIES
650 _aREAL PROPERTY
650 _aWASTE COLLECTION
690 _aPROPERTY LAW AND PRACTICE-CASE LAW
942 _n0
948 _c27/05/1999
999 _c59328
_d59328